[Event "Amantea op-B 6th"]
[Site "Amantea"]
[Date "2008.09.03"]
[Round "4"]
[White "Chiappetta, Dario"]
[Black "Caporale, Giuseppe Guido"]
[Result "1-0"]
[WhiteElo "1745"]
[BlackElo "1820"]
[PlyCount "153"]
[EventDate "2008.08.31"]
[EventType "swiss"]
[EventRounds "9"]
[EventCountry "ITA"]
[SourceTitle "CBM 126 Extra"]
[Source "ChessBase"]
[SourceDate "2008.11.05"]
[SourceVersion "1"]
[SourceVersionDate "2008.11.05"]
[SourceQuality "1"]

1. e4 d5 2. exd5 Qxd5 3. Nc3 Qd6 4. d4 Nf6 5. Nge2 a6 6. Bf4 Qd8 7. Ng3 Nc6 8. Bc4 e6 9. d5 Na5 10. Qe2 Nxc4 11. Qxc4 Bd6 12. Bxd6 Qxd6 13. Rd1 0-0 14. 0-0 exd5 15. Nxd5 Nxd5 16. Rxd5 Qb6 17. Qc3 Be6 18. Rd4 c5 19. Rd2 Rad8 20. Rfd1 Rxd2 21. Rxd2 Qc7 22. Nh5 f6 23. b3 Bf7 24. Ng3 Re8 25. Kf1 b6 26. Re2 Rxe2 27. Kxe2 Qe7+ 28. Kf1 g6 29. Qd2 Kg7 30. h3 Qe5 31. c4 b5 32. cxb5 axb5 33. Ne2 Be8 34. Kg1 Bc6 35. Qf4 Qd5 36. Qc7+ Qd7 37. Qxd7+ Bxd7 38. Kf1 Kf7 39. Ke1 Ke7 40. Kd2 Kd6 41. Nc3 Bc6 42. g3 g5 43. Ke3 Ke5 44. a4 bxa4 45. f4+ Kd6 46. bxa4 gxf4+ 47. Kxf4 c4 48. Ne4+ Kd5 49. Ke3 Bxa4 50. Nxf6+ Kc5 51. Nxh7 c3 52. Nf6 Bc2 53. h4 Kc4 54. g4 Bh7 55. Nd7 Kb4 56. h5 Ka3 57. Nc5 c2 58. Kd2 Kb2 59. Na4+ Kb1 60. Nc3+ Kb2 61. Ne2 Kb3 62. g5 Bf5 63. Kc1 Kc4 64. g6 Kd5 65. h6 Bxg6 66. Nf4+ Ke5 67. Nxg6+ Kf6 68. Nh4 Kf7 69. Kxc2 Kg8 70. Kd3 Kh7 71. Nf5 Kg6 72. Ke4 Kh7 73. Ke5 Kg6 74. Ke6 Kh7 75. Kf6 Kh8 76. Kg6 Kg8 77. Nd6 1-0